[Event "Festival Jean-Claude Loubatière-Master"]
[Site "Montpellier FRA"]
[Date "2007.07.11"]
[Round "5.7"]
[White "Boudre, Jean-Pierre"]
[Black "Guerin, Gilles"]
[Result "1-0"]
[WhiteElo "2329"]
[BlackElo "2254"]
[PlyCount "80"]
[EventDate "2007.07.07"]
[EventType "swiss"]
[EventRounds "9"]
[EventCountry "FRA"]
[Source "lmi"]
[SourceDate "2007.07.07"]

1. e4 d6 2. d4 Nf6 3. Nc3 Nbd7 4. f4 e5 5. Nf3 exd4 6. Qxd4 c6 7. Be3 d5 8.
exd5 Bc5 9. Qd3 Qe7 10. Nd4 Nb6 11. dxc6 bxc6 12. O-O-O Ba6 13. Qd2 Bxf1 14.
Bf2 Nc4 15. Qe1 Qxe1 16. Rxe1+ Kd7 17. Rhxf1 Ng4 18. Ne4 Bb6 19. Bg1 Rhe8 20.
c3 Nce3 21. Bxe3 Rxe4 22. Bg1 Rae8 23. Rxe4 Rxe4 24. Kd2 f5 25. h3 Nf6 26. Nxf5
Bxg1 27. Rxg1 g6 28. Ne3 Rxf4 29. Rf1 Ne4+ 30. Kc2 g5 31. Rxf4 gxf4 32. Nc4 Ke6
33. Nd2 Nf6 34. Kd3 Nd5 35. Ke4 h6 36. Nc4 h5 37. h4 c5 38. a4 a6 39. a5 Nf6+
40. Kxf4 Ng4 1-0

[Event "Festival Jean-Claude Loubatière-Master"]
[Site "Montpellier FRA"]
[Date "2007.07.11"]
[Round "5.10"]
[White "Seret, Jean-Luc"]
[Black "Meera, Sai"]
[Result "1-0"]
[WhiteElo "2384"]
[BlackElo "2191"]
[PlyCount "57"]
[EventDate "2007.07.07"]
[EventType "swiss"]
[EventRounds "9"]
[EventCountry "FRA"]
[Source "lmi"]
[SourceDate "2007.07.07"]

1. e4 c5 2. Nc3 a6 3. g3 b5 4. Bg2 Bb7 5. d3 e6 6. f4 d5 7. Nf3 b4 8. exd5 bxc3
9. dxe6 fxe6 10. O-O Nf6 11. Re1 Be7 12. bxc3 O-O 13. Rb1 Ra7 14. c4 Bc6 15.
Bh3 Rb7 16. Rb3 Rxb3 17. axb3 Bb7 18. Ng5 Qc7 19. Qe2 Qc6 20. Qxe6+ Kh8 21.
Qxc6 Nxc6 22. Bg2 Ng8 23. Ne6 Re8 24. Nc7 Rc8 25. Nd5 Na5 26. Nxe7 Rd8 27. Bd2
Nxe7 28. Bxa5 Rd7 29. Bh3 1-0

[Event "Festival Jean-Claude Loubatière-Master"]
[Site "Montpellier FRA"]
[Date "2007.07.11"]
[Round "5.14"]
[White "Demuth, Adrien"]
[Black "Dussol, Pierre"]
[Result "1-0"]
[WhiteElo "2193"]
[BlackElo "2247"]
[PlyCount "57"]
[EventDate "2007.07.07"]
[EventType "swiss"]
[EventRounds "9"]
[EventCountry "FRA"]
[Source "lmi"]
[SourceDate "2007.07.07"]

1. d4 c5 2. d5 e5 3. e4 d6 4. Nc3 a6 5. a4 b6 6. Bd3 Be7 7. Nf3 Nd7 8. g4 Ngf6
9. Rg1 O-O 10. g5 Ne8 11. Ne2 g6 12. h4 Ng7 13. Ng3 f5 14. exf5 gxf5 15. h5 e4
16. h6 Ne8 17. Nxe4 fxe4 18. Bxe4 Ra7 19. Bxh7+ Kh8 20. g6 Bf6 21. Ng5 Ne5 22.
Qh5 Bxg5 23. Bxg5 Nf3+ 24. Qxf3 Rxf3 25. Bxd8 Rxh7 26. gxh7 Kxh7 27. O-O-O Nf6
28. Rg7+ Kh8 29. Rf7 1-0

[Event "Festival Jean-Claude Loubatière-Master"]
[Site "Montpellier FRA"]
[Date "2007.07.11"]
[Round "5.17"]
[White "San Marco, Bruno"]
[Black "Valette, Christian"]
[Result "1-0"]
[WhiteElo "2221"]
[BlackElo "2102"]
[PlyCount "31"]
[EventDate "2007.07.07"]
[EventType "swiss"]
[EventRounds "9"]
[EventCountry "FRA"]
[Source "lmi"]
[SourceDate "2007.07.07"]

1. c4 Nf6 2. g3 d6 3. Bg2 Nbd7 4. Nc3 c6 5. e4 e5 6. Nge2 Be7 7. O-O O-O 8. d3
a6 9. a4 a5 10. h3 Nc5 11. f4 Nfd7 12. Be3 Qb6 13. Rb1 Qb4 14. Rf2 Ra6 15. Bf1
Nb3 16. Na2 1-0

[Event "Festival Jean-Claude Loubatière-Master"]
[Site "Montpellier FRA"]
[Date "2007.07.12"]
[Round "6.1"]
[White "Djuric, Stefan"]
[Black "Hamdouchi, Hichem"]
[Result "0-1"]
[WhiteElo "2472"]
[BlackElo "2576"]
[PlyCount "96"]
[EventDate "2007.07.07"]
[EventType "swiss"]
[EventRounds "9"]
[EventCountry "FRA"]
[Source "lmi"]
[SourceDate "2007.07.07"]

1. c4 e5 2. Nc3 Nf6 3. Nf3 Nc6 4. d4 exd4 5. Nxd4 Bb4 6. Nxc6 bxc6 7. Bd2 O-O
8. e3 d5 9. a3 Bd6 10. Be2 dxc4 11. Bxc4 Rb8 12. Qc2 Ng4 13. Be2 Qh4 14. g3 Qh3
15. Bf1 Qh6 16. Be2 Re8 17. h3 Nf6 18. Bc4 Bg4 19. Be2 Bxe2 20. Nxe2 Ne4 21.
Nc3 Nc5 22. b4 Nd7 23. Qf5 Ne5 24. e4 Qg6 25. Qxg6 hxg6 26. Ke2 Nc4 27. Kd3
Nxd2 28. Kxd2 a5 29. bxa5 Rb2+ 30. Kd3 Rxf2 31. Raf1 Rxf1 32. Rxf1 Bxg3 33. Kc4
Ra8 34. Kb4 Bd6+ 35. Ka4 Bc5 36. Na2 Bb6 37. Rc1 Rxa5+ 38. Kb3 Rh5 39. Rxc6
Rxh3+ 40. Kb4 g5 41. Nc3 g4 42. a4 g3 43. a5 g2 44. axb6 cxb6 45. Ne2 Re3 46.
Ng1 Rxe4+ 47. Kb5 Re1 48. Nf3 g1=Q 0-1

[Event "Festival Jean-Claude Loubatière-Master"]
[Site "Montpellier FRA"]
[Date "2007.07.12"]
[Round "6.2"]
[White "Krzesaj, Robert"]
[Black "Maze, Sebastien"]
[Result "1/2-1/2"]
[WhiteElo "2323"]
[BlackElo "2530"]
[PlyCount "78"]
[EventDate "2007.07.07"]
[EventType "swiss"]
[EventRounds "9"]
[EventCountry "FRA"]
[Source "lmi"]
[SourceDate "2007.07.07"]

1. d4 Nf6 2. Nf3 g6 3. b3 Bg7 4. Bb2 d5 5. c4 c6 6. e3 Bg4 7. Be2 O-O 8. h3
Bxf3 9. Bxf3 Ne4 10. O-O f5 11. Nd2 e6 12. Be2 Nd7 13. b4 Ndf6 14. Nxe4 Nxe4
15. Qd3 Qh4 16. Bc3 a6 17. Be1 Qf6 18. f3 Ng5 19. Bg3 Nf7 20. Rab1 h5 21. a4 h4
22. Bf2 Rfd8 23. b5 axb5 24. axb5 e5 25. bxc6 bxc6 26. Rb6 exd4 27. exd4 Rd6
28. Qb3 Re8 29. Bd3 Bh6 30. cxd5 cxd5 31. Rxd6 Qxd6 32. Bxh4 Be3+ 33. Bf2 Ng5
34. Bxe3 Rxe3 35. Kf2 Re6 36. Rb1 Nxh3+ 37. gxh3 Qh2+ 38. Kf1 Qh1+ 39. Kf2 Qh2+
1/2-1/2

[Event "Festival Jean-Claude Loubatière-Master"]
[Site "Montpellier FRA"]
[Date "2007.07.12"]
[Round "6.3"]
[White "Heberla, Bartlomiej"]
[Black "Libiszewski, Fabien"]
[Result "1-0"]
[WhiteElo "2484"]
[BlackElo "2469"]
[PlyCount "45"]
[EventDate "2007.07.07"]
[EventType "swiss"]
[EventRounds "9"]
[EventCountry "FRA"]
[Source "lmi"]
[SourceDate "2007.07.07"]

1. e4 c5 2. Nc3 Nc6 3. Bb5 Nd4 4. Bc4 e6 5. Nge2 Nf6 6. O-O a6 7. a4 d5 8. exd5
exd5 9. Ba2 Be7 10. d3 Nxe2+ 11. Qxe2 Be6 12. Bg5 O-O 13. Qf3 b5 14. axb5 axb5
15. Nxb5 Qb8 16. c4 Rxa2 17. Rxa2 dxc4 18. Ra7 Ng4 19. Bf4 Qxb5 20. Rxe7 cxd3
21. Rxe6 fxe6 22. Qxg4 Qc4 23. g3 1-0

[Event "Festival Jean-Claude Loubatière-Master"]
[Site "Montpellier FRA"]
[Date "2007.07.12"]
[Round "6.4"]
[White "Prie, Eric"]
[Black "Dimitrov, Christo"]
[Result "1-0"]
[WhiteElo "2518"]
[BlackElo "2261"]
[PlyCount "81"]
[EventDate "2007.07.07"]
[EventType "swiss"]
[EventRounds "9"]
[EventCountry "FRA"]
[Source "lmi"]
[SourceDate "2007.07.07"]

1. d4 d6 2. Nf3 Bg4 3. e4 Nf6 4. h3 Bh5 5. Nc3 c6 6. Qe2 e6 7. g4 Bg6 8. h4 h5
9. g5 Nfd7 10. Be3 Be7 11. Nd2 d5 12. Bg2 Na6 13. O-O-O Nc7 14. Kb1 a6 15. f4
dxe4 16. Ncxe4 Nd5 17. Nc4 Qc7 18. Rhf1 O-O-O 19. Ka1 Nxe3 20. Nxe3 Bxe4 21.
Bxe4 g6 22. c4 Rhe8 23. c5 Nxc5 24. dxc5 Rxd1+ 25. Qxd1 Bxc5 26. Nc4 Rd8 27.
Qc2 Kb8 28. a3 Bd4 29. Ka2 Bh8 30. Rf3 Rd4 31. Nd2 Qd6 32. Nb3 Rd1 33. Rf2 Bg7
34. Bf3 Rd3 35. Nc5 Rd4 36. Be4 Qe7 37. Rf3 Ka7 38. Nb3 Rd8 39. Na5 Qc7 40. Rb3
Rb8 41. Qc5+ 1-0

[Event "Festival Jean-Claude Loubatière-Master"]
[Site "Montpellier FRA"]
[Date "2007.07.12"]
[Round "6.5"]
[White "Roy Chowdhury, Saptarshi"]
[Black "Boudre, Jean-Pierre"]
[Result "1-0"]
[WhiteElo "2420"]
[BlackElo "2329"]
[PlyCount "85"]
[EventDate "2007.07.07"]
[EventType "swiss"]
[EventRounds "9"]
[EventCountry "FRA"]
[Source "lmi"]
[SourceDate "2007.07.07"]

1. d4 d5 2. Nf3 Nf6 3. e3 c6 4. Nbd2 g6 5. Be2 Bg7 6. b4 O-O 7. Bb2 Nbd7 8. c4
a5 9. b5 a4 10. Ba3 Re8 11. O-O cxb5 12. cxb5 b6 13. Rc1 Bb7 14. h3 Qb8 15. Bb4
e6 16. Qc2 Bf8 17. Qb2 a3 18. Qb3 Bxb4 19. Qxb4 Rc8 20. Nb3 Ne4 21. Rxc8+ Bxc8
22. Rc1 Qd6 23. Qxd6 Nxd6 24. Rc6 Ne8 25. Ne5 Nxe5 26. dxe5 Rb8 27. Nd4 Bd7 28.
Rc3 Ra8 29. Kf1 g5 30. g3 Kg7 31. Ke1 f6 32. f4 gxf4 33. gxf4 fxe5 34. fxe5 Ra7
35. Kd2 h6 36. Bd3 Kf7 37. Kc2 Ng7 38. Kb3 Nh5 39. Rc2 Ng3 40. Rf2+ Ke7 41. Rg2
Ne4 42. Bxe4 dxe4 43. Nc6+ 1-0

[Event "Festival Jean-Claude Loubatière-Master"]
[Site "Montpellier FRA"]
[Date "2007.07.12"]
[Round "6.6"]
[White "Cornette, Matthieu"]
[Black "Apicella, Manuel"]
[Result "0-1"]
[WhiteElo "2487"]
[BlackElo "2533"]
[PlyCount "50"]
[EventDate "2007.07.07"]
[EventType "swiss"]
[EventRounds "9"]
[EventCountry "FRA"]
[Source "lmi"]
[SourceDate "2007.07.07"]

1. e4 e6 2. d4 d5 3. Nc3 Bb4 4. Nge2 Nc6 5. a3 Ba5 6. Qd3 Nge7 7. Bd2 O-O 8.
O-O-O Rb8 9. f3 b5 10. Nxb5 Bxd2+ 11. Rxd2 Ba6 12. a4 Na5 13. Qc3 Nc4 14. Rd1
c6 15. b3 cxb5 16. axb5 Na3 17. Qa1 Nxc2 18. Kxc2 Bxb5 19. Nc3 Bxf1 20. Rhxf1
Qb6 21. Qa4 Rfc8 22. Rb1 Qc7 23. Qa1 Nc6 24. Rfd1 Nb4+ 25. Kd2 Qxh2 0-1

[Event "Festival Jean-Claude Loubatière-Master"]
[Site "Montpellier FRA"]
[Date "2007.07.12"]
[Round "6.9"]
[White "Giffard, Nicolas"]
[Black "Demuth, Adrien"]
[Result "1-0"]
[WhiteElo "2381"]
[BlackElo "2193"]
[PlyCount "83"]
[EventDate "2007.07.07"]
[EventType "swiss"]
[EventRounds "9"]
[EventCountry "FRA"]
[Source "lmi"]
[SourceDate "2007.07.07"]

1. d4 Nf6 2. c4 g6 3. Nc3 Bg7 4. e4 d6 5. Bd3 O-O 6. Nge2 e5 7. d5 a5 8. Rb1
Na6 9. a3 Ne8 10. O-O f5 11. exf5 gxf5 12. f4 e4 13. Bc2 Bf6 14. Be3 Ng7 15.
Bd4 c5 16. Bxf6 Rxf6 17. Qd2 Bd7 18. Ba4 Ne8 19. Bxd7 Qxd7 20. g4 Rg6 21. g5
Nac7 22. Ng3 Rg7 23. a4 Na6 24. Rbe1 Rf7 25. Nh5 Qe7 26. Re3 Ng7 27. Nf6+ Rxf6
28. gxf6 Qxf6 29. Nb5 Nb4 30. Kh1 Kf7 31. Rh3 Rh8 32. Qc3 Ne8 33. Qxf6+ Kxf6
34. Rh6+ Ke7 35. Re6+ Kd7 36. b3 Nd3 37. Nc3 Rg8 38. Ne2 Rg4 39. Rh6 Rg7 40. h3
Ke7 41. Kh2 Nf6 42. Ng3 1-0

[Event "Festival Jean-Claude Loubatière-Master"]
[Site "Montpellier FRA"]
[Date "2007.07.12"]
[Round "6.11"]
[White "Roux, Olivier"]
[Black "Ramaswamy, Aarthie"]
[Result "0-1"]
[WhiteElo "2165"]
[BlackElo "2281"]
[PlyCount "58"]
[EventDate "2007.07.07"]
[EventType "swiss"]
[EventRounds "9"]
[EventCountry "FRA"]
[Source "lmi"]
[SourceDate "2007.07.07"]

1. e4 c5 2. Nf3 Nc6 3. d4 cxd4 4. Nxd4 Nf6 5. Nc3 d6 6. Be2 e5 7. Nxc6 bxc6 8.
O-O Be7 9. Bc4 O-O 10. Qe2 Qb6 11. Kh1 Be6 12. Bxe6 fxe6 13. b3 Rf7 14. Bb2
Raf8 15. Na4 Qc7 16. c4 Nd7 17. Rad1 Qb7 18. Ba3 d5 19. Bxe7 Rxe7 20. Qd3 Nf6
21. f3 Ref7 22. Kg1 Qe7 23. Rfe1 d4 24. c5 Nh5 25. Qa6 Qg5 26. Qxc6 Rxf3 27.
Qxe6+ Kh8 28. h4 Qg3 29. Rf1 Nf4 0-1

[Event "Festival Jean-Claude Loubatière-Master"]
[Site "Montpellier FRA"]
[Date "2007.07.12"]
[Round "6.12"]
[White "Guerin, Gilles"]
[Black "Ouakhir, Mehdi"]
[Result "0-1"]
[WhiteElo "2254"]
[BlackElo "2206"]
[PlyCount "86"]
[EventDate "2007.07.07"]
[EventType "swiss"]
[EventRounds "9"]
[EventCountry "FRA"]
[Source "lmi"]
[SourceDate "2007.07.07"]

1. e4 e5 2. Nf3 Nc6 3. d4 exd4 4. Nxd4 Bc5 5. Nxc6 Qf6 6. Qd2 bxc6 7. Nc3 Nh6
8. Na4 Bb6 9. Nxb6 axb6 10. Qf4 Qg6 11. Qe5+ Kd8 12. Bd3 Ba6 13. Bf4 d6 14. Qc3
Bxd3 15. cxd3 Qxg2 16. O-O-O Re8 17. Qxc6 Ra7 18. Rhg1 Qxf2 19. Rdf1 Qd4 20.
Bg5+ f6 21. Bxh6 Rxa2 22. Qc3 Qxc3+ 23. bxc3 gxh6 24. Kb1 Rxh2 25. Rxf6 h5 26.
Rh6 Re7 27. Rg5 Rf7 28. Rf5 Rg7 29. Rf1 h4 30. Rh5 h3 31. d4 Ke8 32. Rh4 Rgg2
33. Rxh7 Rb2+ 34. Ka1 Ra2+ 35. Kb1 Rhb2+ 36. Kc1 h2 37. Rh8+ Kd7 38. Rf7+ Kc6
39. d5+ Kb5 40. c4+ Kb4 41. c5 Rg2 42. Kb1 Raf2 43. Rxf2 Rxf2 0-1

[Event "Festival Jean-Claude Loubatière-Master"]
[Site "Montpellier FRA"]
[Date "2007.07.12"]
[Round "6.18"]
[White "Meera, Sai"]
[Black "Fantin, Ludwig"]
[Result "1-0"]
[WhiteElo "2191"]
[BlackElo "2232"]
[PlyCount "35"]
[EventDate "2007.07.07"]
[EventType "swiss"]
[EventRounds "9"]
[EventCountry "FRA"]
[Source "lmi"]
[SourceDate "2007.07.07"]

1. e4 c5 2. Nc3 Nc6 3. f4 g6 4. Nf3 Bg7 5. Bc4 e6 6. f5 Nge7 7. fxe6 fxe6 8. d3
O-O 9. O-O a6 10. a4 Nd4 11. Bg5 b6 12. Nd5 Ndc6 13. Qe1 h6 14. Qh4 Rxf3 15.
Bxe7 Rxf1+ 16. Rxf1 Nxe7 17. Nxe7+ Kh7 18. Rf7 1-0

[Event "Festival Jean-Claude Loubatière-Master"]
[Site "Montpellier FRA"]
[Date "2007.07.13"]
[Round "7.1"]
[White "Hamdouchi, Hichem"]
[Black "Roy Chowdhury, Saptarshi"]
[Result "1/2-1/2"]
[WhiteElo "2576"]
[BlackElo "2420"]
[PlyCount "61"]
[EventDate "2007.07.07"]
[EventType "swiss"]
[EventRounds "9"]
[EventCountry "FRA"]
[Source "lmi"]
[SourceDate "2007.07.07"]

1. e4 c5 2. Nf3 Nc6 3. Bb5 e6 4. O-O Nge7 5. b3 Nd4 6. Nxd4 cxd4 7. c3 a6 8.
Bd3 Nc6 9. cxd4 Nxd4 10. Bb2 Bc5 11. Qh5 d6 12. e5 Nf5 13. Bxf5 exf5 14. d4 Bb4
15. Bc3 Qb6 16. Nd2 d5 17. Bxb4 Qxb4 18. Rfd1 O-O 19. Nf1 Be6 20. Ne3 g6 21.
Qf3 Rac8 22. h4 Rfd8 23. h5 Rc3 24. Qf4 Qe7 25. hxg6 fxg6 26. Rac1 Rdc8 27.
Rxc3 Rxc3 28. Qh6 Rc8 29. Nf1 Qf8 30. Qd2 f4 31. Rc1 1/2-1/2

[Event "Festival Jean-Claude Loubatière-Master"]
[Site "Montpellier FRA"]
[Date "2007.07.13"]
[Round "7.2"]
[White "Maze, Sebastien"]
[Black "Heberla, Bartlomiej"]
[Result "1-0"]
[WhiteElo "2530"]
[BlackElo "2484"]
[PlyCount "135"]
[EventDate "2007.07.07"]
[EventType "swiss"]
[EventRounds "9"]
[EventCountry "FRA"]
[Source "lmi"]
[SourceDate "2007.07.07"]

1. e4 e6 2. d4 d5 3. Nc3 Nf6 4. Bg5 h6 5. Bxf6 Qxf6 6. exd5 Bb4 7. Bb5+ c6 8.
dxc6 bxc6 9. Be2 O-O 10. Nf3 c5 11. O-O Rd8 12. Ne4 Qf4 13. Ng3 cxd4 14. c3 Bc5
15. Nxd4 Bxd4 16. cxd4 Rxd4 17. Qb3 Rb4 18. Qc3 Bb7 19. Rfd1 Nc6 20. a3 Rd4 21.
Ba6 Rxd1+ 22. Rxd1 Qc7 23. Nh5 f6 24. Bc4 Re8 25. Re1 Qf7 26. Nf4 Ne5 27. Ba2
Qd7 28. h4 Qd6 29. Qc1 Kf7 30. Rd1 Qc6 31. Qxc6 Bxc6 32. Nxe6 Kg6 33. h5+ Kh7
34. Rc1 Bd7 35. Nf4 Bf5 36. f3 Rd8 37. Be6 Bxe6 38. Nxe6 Rd6 39. Nf4 Rd4 40.
Ne6 Rd6 41. Nf8+ Kg8 42. Ng6 Rd2 43. Rc8+ Kf7 44. Rc7+ Ke6 45. Nxe5 Kxe5 46. b4
a6 47. Kh2 Rd3 48. Rc5+ Rd5 49. Kg3 Rxc5 50. bxc5 a5 51. c6 Kd6 52. Kf4 Kxc6
53. Kf5 Kb5 54. Kg6 Ka4 55. Kxg7 Kxa3 56. Kxh6 a4 57. Kg6 Kb3 58. h6 a3 59. h7
a2 60. h8=Q a1=Q 61. Qxf6 Qg1 62. g4 Qe3 63. f4 Ka3 64. g5 Qd3+ 65. f5 Qe4 66.
Qe6 Qg4 67. Qe7+ Kb2 68. f6 1-0

[Event "Festival Jean-Claude Loubatière-Master"]
[Site "Montpellier FRA"]
[Date "2007.07.13"]
[Round "7.3"]
[White "Krzesaj, Robert"]
[Black "Prie, Eric"]
[Result "1/2-1/2"]
[WhiteElo "2323"]
[BlackElo "2518"]
[PlyCount "50"]
[EventDate "2007.07.07"]
[EventType "swiss"]
[EventRounds "9"]
[EventCountry "FRA"]
[Source "lmi"]
[SourceDate "2007.07.07"]

1. d4 Nf6 2. Nf3 d5 3. c4 c6 4. Nc3 a6 5. e3 b5 6. b3 Bg4 7. h3 Bxf3 8. gxf3
Nbd7 9. f4 e6 10. c5 Ne4 11. Qc2 f5 12. Bb2 Qh4 13. a4 Rc8 14. axb5 axb5 15.
Ra7 Ndf6 16. Nxb5 cxb5 17. Bxb5+ Kd8 18. Bc3 Nxc3 19. Qxc3 Qxf2+ 20. Kxf2 Ne4+
21. Kf3 Nxc3 22. Rd7+ Ke8 23. Rc7+ Kd8 24. Rd7+ Ke8 25. Rc7+ Kd8 1/2-1/2

[Event "Festival Jean-Claude Loubatière-Master"]
[Site "Montpellier FRA"]
[Date "2007.07.13"]
[Round "7.4"]
[White "Libiszewski, Fabien"]
[Black "Djuric, Stefan"]
[Result "1-0"]
[WhiteElo "2469"]
[BlackElo "2472"]
[PlyCount "69"]
[EventDate "2007.07.07"]
[EventType "swiss"]
[EventRounds "9"]
[EventCountry "FRA"]
[Source "lmi"]
[SourceDate "2007.07.07"]

1. e4 e5 2. Nf3 Nc6 3. Bb5 a6 4. Ba4 Nf6 5. O-O Be7 6. Re1 b5 7. Bb3 O-O 8. h3
Bb7 9. d3 d6 10. a3 Nd4 11. Nxd4 exd4 12. c3 c5 13. cxd4 cxd4 14. Ba2 Nd7 15.
b4 Nb6 16. Bb2 Bf6 17. Bb3 Kh8 18. Nd2 Be5 19. Nf3 Qf6 20. Rc1 Rae8 21. Rc7 Ba8
22. Ra7 d5 23. Rxa6 dxe4 24. Nxe5 e3 25. fxe3 Qxe5 26. Bxd4 Qg3 27. e4 Nd7 28.
Re3 Qg5 29. Qg4 Qxg4 30. hxg4 f6 31. g5 fxg5 32. Rg6 Nf6 33. Rxg5 Rc8 34. Reg3
Rfd8 35. Bb2 1-0

[Event "Festival Jean-Claude Loubatière-Master"]
[Site "Montpellier FRA"]
[Date "2007.07.13"]
[Round "7.5"]
[White "Bijaoui, Manuel"]
[Black "Giffard, Nicolas"]
[Result "1-0"]
[WhiteElo "2357"]
[BlackElo "2381"]
[PlyCount "85"]
[EventDate "2007.07.07"]
[EventType "swiss"]
[EventRounds "9"]
[EventCountry "FRA"]
[Source "lmi"]
[SourceDate "2007.07.07"]

1. e4 c6 2. d4 d5 3. Nd2 dxe4 4. Nxe4 Nf6 5. Nxf6+ exf6 6. Nf3 Bd6 7. Be2 O-O
8. O-O Qc7 9. h3 Rd8 10. c4 c5 11. d5 Nd7 12. Qc2 b5 13. b3 bxc4 14. bxc4 Nb6
15. Bd3 h6 16. Re1 Bd7 17. a4 Re8 18. Rxe8+ Rxe8 19. a5 Nc8 20. Bd2 Ne7 21. Re1
Bf4 22. Bc3 Qd8 23. Nd2 Nc8 24. Rxe8+ Bxe8 25. Ne4 Qc7 26. Qe2 Bd7 27. g3 Bd6
28. Nxd6 Nxd6 29. Qe7 Nc8 30. Qe4 f5 31. Qf3 Ne7 32. Qe2 Ng6 33. f4 f6 34. Qe3
Kf7 35. Be1 Nf8 36. Bf2 Qxa5 37. Qxc5 Qa1+ 38. Bf1 a5 39. Qd6 a4 40. Bc5 a3 41.
Qxf8+ Kg6 42. Bxa3 Qd4+ 43. Kh2 1-0

[Event "Festival Jean-Claude Loubatière-Master"]
[Site "Montpellier FRA"]
[Date "2007.07.13"]
[Round "7.6"]
[White "Apicella, Manuel"]
[Black "Sengupta, Deep"]
[Result "1-0"]
[WhiteElo "2533"]
[BlackElo "2435"]
[PlyCount "83"]
[EventDate "2007.07.07"]
[EventType "swiss"]
[EventRounds "9"]
[EventCountry "FRA"]
[Source "lmi"]
[SourceDate "2007.07.07"]

1. e4 e6 2. d4 d5 3. Nc3 Bb4 4. e5 c5 5. a3 Bxc3+ 6. bxc3 Qa5 7. Bd2 Qa4 8. Qb1
c4 9. Nh3 Ne7 10. Nf4 g6 11. g3 Nbc6 12. Bh3 Bd7 13. O-O O-O-O 14. Ng2 Qa5 15.
Qe1 h6 16. a4 Rdg8 17. Ne3 h5 18. Qe2 Kb8 19. Rfb1 a6 20. Qe1 g5 21. Bf1 g4 22.
Bxc4 dxc4 23. Nxc4 Qc7 24. Nd6 Nd8 25. c4 Nec6 26. Qe4 h4 27. d5 hxg3 28. fxg3
f5 29. Qf4 Rh3 30. Be3 Rgh8 31. Bb6 Rxh2 32. Bxc7+ Kxc7 33. Nxf5 R8h3 34. Ne3
Nb4 35. Rxb4 Rh1+ 36. Kf2 R3h2+ 37. Ng2 Rxa1 38. Qd4 Rc1 39. Qb6+ Kc8 40. d6
Rxg2+ 41. Kxg2 Bc6+ 42. Kf2 1-0

[Event "Festival Jean-Claude Loubatière-Master"]
[Site "Montpellier FRA"]
[Date "2007.07.13"]
[Round "7.7"]
[White "Dimitrov, Christo"]
[Black "Cornette, Matthieu"]
[Result "1/2-1/2"]
[WhiteElo "2261"]
[BlackElo "2487"]
[PlyCount "41"]
[EventDate "2007.07.07"]
[EventType "swiss"]
[EventRounds "9"]
[EventCountry "FRA"]
[Source "lmi"]
[SourceDate "2007.07.07"]

1. Nf3 d5 2. d4 Nf6 3. c4 c6 4. cxd5 cxd5 5. Nc3 Nc6 6. Bf4 Nh5 7. Bd2 e6 8. e3
Nf6 9. Rc1 Be7 10. Bd3 O-O 11. O-O b6 12. Ne5 Nxe5 13. dxe5 Nd7 14. f4 Nc5 15.
Bxh7+ Kxh7 16. Qh5+ Kg8 17. Rf3 f5 18. Rh3 Bd7 19. Qh7+ Kf7 20. Qh5+ Kg8 21.
Qh7+ 1/2-1/2

[Event "Festival Jean-Claude Loubatière-Master"]
[Site "Montpellier FRA"]
[Date "2007.07.13"]
[Round "7.8"]
[White "Ouakhir, Mehdi"]
[Black "Lubczynski, Rafal"]
[Result "1/2-1/2"]
[WhiteElo "2206"]
[BlackElo "2368"]
[PlyCount "65"]
[EventDate "2007.07.07"]
[EventType "swiss"]
[EventRounds "9"]
[EventCountry "FRA"]
[Source "lmi"]
[SourceDate "2007.07.07"]

1. b3 Nf6 2. Bb2 d5 3. e3 g6 4. c4 Bg7 5. cxd5 Qxd5 6. Nf3 O-O 7. Nc3 Qf5 8.
Be2 c5 9. O-O Rd8 10. Rc1 Nc6 11. a3 b6 12. Qc2 Qxc2 13. Rxc2 Be6 14. Bc4 Bxc4
15. bxc4 Na5 16. Ne2 Ne4 17. Bxg7 Kxg7 18. d4 Rac8 19. Rfc1 e6 20. h3 Rc7 21.
Nc3 Nxc3 22. Rxc3 cxd4 23. exd4 Rdc8 24. Nd2 b5 25. c5 Nc6 26. Nf3 Rd8 27. Rd1
Rcd7 28. Rcd3 e5 29. d5 e4 30. R3d2 exf3 31. dxc6 Rxd2 32. Rxd2 Rc8 33. Rd6
1/2-1/2

[Event "Festival Jean-Claude Loubatière-Master"]
[Site "Montpellier FRA"]
[Date "2007.07.13"]
[Round "7.10"]
[White "Ramaswamy, Aarthie"]
[Black "Hoogland, Dirk"]
[Result "1-0"]
[WhiteElo "2281"]
[BlackElo "2167"]
[PlyCount "55"]
[EventDate "2007.07.07"]
[EventType "swiss"]
[EventRounds "9"]
[EventCountry "FRA"]
[Source "lmi"]
[SourceDate "2007.07.07"]

1. e4 c5 2. Nf3 g6 3. d4 cxd4 4. Nxd4 Nc6 5. Nc3 Bg7 6. Be3 Nf6 7. Bc4 O-O 8.
Bb3 a5 9. O-O Ng4 10. Qxg4 Nxd4 11. Qd1 Nxb3 12. axb3 d6 13. Qd2 Ra6 14. Bh6
Bd7 15. Kh1 Re8 16. Bxg7 Kxg7 17. Rae1 h6 18. f4 e6 19. Re3 Qc7 20. Rh3 Rh8 21.
f5 g5 22. fxe6 Bxe6 23. Qd4+ Kg8 24. Nd5 Bxd5 25. exd5 Qc5 26. Qe4 Ra8 27. Rxf7
Kxf7 28. Rf3+ 1-0

[Event "Festival Jean-Claude Loubatière-Master"]
[Site "Montpellier FRA"]
[Date "2007.07.13"]
[Round "7.13"]
[White "San Marco, Bruno"]
[Black "Meera, Sai"]
[Result "0-1"]
[WhiteElo "2221"]
[BlackElo "2191"]
[PlyCount "60"]
[EventDate "2007.07.07"]
[EventType "swiss"]
[EventRounds "9"]
[EventCountry "FRA"]
[Source "lmi"]
[SourceDate "2007.07.07"]

1. c4 e5 2. g3 Nc6 3. Bg2 g6 4. Nc3 Bg7 5. e4 d6 6. Nge2 Nh6 7. d3 O-O 8. O-O
f5 9. f4 fxe4 10. dxe4 Bg4 11. h3 exf4 12. Qd5+ Kh8 13. hxg4 fxg3 14. Bg5 Qd7
15. Nf4 Bd4+ 16. Qxd4+ Nxd4 17. Bxh6 Qxg4 18. Bxf8 Qh4 19. Nh3 Ne6 20. Be7 Qxe7
21. Nd5 Qg7 22. Ndf4 Nxf4 23. Rxf4 Qxb2 24. Raf1 Qxa2 25. Rf7 Qxc4 26. Re7 Kg8
27. Nf4 Qc5+ 28. Kh1 Rf8 29. e5 Rxf4 30. Rxf4 Qc1+ 0-1

[Event "Festival Jean-Claude Loubatière-Master"]
[Site "Montpellier FRA"]
[Date "2007.07.14"]
[Round "8.1"]
[White "Hamdouchi, Hichem"]
[Black "Libiszewski, Fabien"]
[Result "1/2-1/2"]
[WhiteElo "2576"]
[BlackElo "2469"]
[PlyCount "38"]
[EventDate "2007.07.07"]
[EventType "swiss"]
[EventRounds "9"]
[EventCountry "FRA"]
[Source "lmi"]
[SourceDate "2007.07.07"]

1. d4 d5 2. c4 c6 3. cxd5 cxd5 4. Bf4 Nc6 5. e3 Nf6 6. Nc3 a6 7. Bd3 Bg4 8.
Nge2 e6 9. Qb3 Na5 10. Qa4+ Nd7 11. Rc1 b5 12. Bxb5 axb5 13. Nxb5 Nc4 14. Nc7+
Qxc7 15. Qxa8+ Qd8 16. Qb7 Qb6 17. Qc8+ Qd8 18. Qb7 Qb6 19. Qc8+ Qd8 1/2-1/2